Vai trò và chuẩn mực văn hoá đô thị trong công nghiệp hoá và hiện đại hoá đất nước /
Kaydedildi:
| Yazar: | |
|---|---|
| Materyal Türü: | Makale |
| Dil: | Vietnamese |
| Konular: | |
| Etiketler: |
Etiketle
Etiket eklenmemiş, İlk siz ekleyin!
|
| Thư viện lưu trữ: | Thư viện Trường Đại học Đà Lạt |
|---|
| LEADER | 00799nam a2200265 4500 | ||
|---|---|---|---|
| 001 | DLU090073214 | ||
| 005 | ##20090508 | ||
| 040 | # | # | |a DLU |b vie |
| 041 | # | # | |a vie |
| 044 | # | # | |a vn |
| 100 | # | # | |a Vũ Khiêu, |c GS. |
| 245 | # | # | |a Vai trò và chuẩn mực văn hoá đô thị trong công nghiệp hoá và hiện đại hoá đất nước / |c Vũ Khiêu. |
| 653 | # | # | |a Đô thị hoá |
| 653 | # | # | |a Văn hoá đô thị |
| 653 | # | # | |a Văn hoá học |
| 773 | # | # | |t Khoa học Xã hội |g Số 32, 1997, tr. 135-140 |
| 920 | # | # | |a Phòng Tạp chí -- Trung tâm Thông tin - Thư viện Trường Đại học Đà Lạt |
| 994 | # | # | |a DLU |
| 900 | # | # | |a True |
| 911 | # | # | |a Nguyễn Thanh Hương |
| 925 | # | # | |a G |
| 926 | # | # | |a A |
| 927 | # | # | |a BB |
| 980 | # | # | |a Thư viện Trường Đại học Đà Lạt |